Hologram Man když se nepřekonatelné zlo již nedá zastavit

Bibliographic Details
Other Authors: Lurie, Evan (Author of dialog, uci), Preston, Richard jr (Author of dialog), Pepin, Richard (Author of dialog), Lara, Joe (uci), Sanderson, William (uci), Amos, John, 1939- (uci), Nouri, Michael (uci)
Format: Book
Language:Czech
Published: Bratislava Davay 1995
Subjects:

MARC

LEADER 00000nam a2200000 a 4500
001 vtls001219292
003 SK-MaSNL
005 20260301003003.0
008 130606s1995 xo 0 cze
015 |a SNBJ1996/0100459 
035 |a SNK000163413 
040 |a SNK  |b slo  |c SNK  |e AACR2 
044 |a xo  |c SK 
080 |a 791.43(73)(086.8)  |2 1981 
245 1 |a Hologram Man  |h videozáznam  |b když se nepřekonatelné zlo již nedá zastavit  |c réžia Richard Pepin ; scenár Richard Preston jr., Evan Lurie 
260 |a Bratislava  |b Davay  |c 1995 
300 |a 1 videokazeta (100 min.)  |b stereo, fareb., VHS systém PAL  |c 10x19 cm 
511 |a Hrajú: Joe Lara, Evan Lurie, William Sanderson, John Amos, Michael Nouri 
650 0 7 |a filmy akčné  |x videokazety  |2 SNK  |9 283651 
655 7 |a videokazety  |2 SNK  |9 70726 
700 1 |a Lurie, Evan  |4 aud  |9 45416 
700 1 |a Preston, Richard  |c jr.  |4 aud  |9 46406 
700 1 |a Pepin, Richard  |4 aud  |9 46242 
700 1 |a Lara, Joe  |4 uci  |9 45234 
700 1 |a Lurie, Evan  |4 uci  |9 45416 
700 1 |a Sanderson, William  |4 uci  |9 46669 
700 1 |a Amos, John,  |d 1939-  |4 uci  |9 41242 
700 1 |a Nouri, Michael  |4 uci  |9 40929 
999 |c 538521  |d 540451 
952 |t P60, <03>, [BOOK], {603}  |a SNK  |b SNK  |y PREZ  |7 0  |p 17A0005448  |o snkSVC 718  |i snkJK 109/96  |0 0  |1 0  |4 0  |d 1996-07-03  |l 0  |r 2005-01-01 00:00:00  |w 2026-02-23